01374nam a2200325Ia 4500001001200000003000800012006001900020007001500039008004100054020001800095040002100113035002100134050002600155100003100181245009500212246004100307260006200348300003200410490005600442500002000498533015200518600004700670600004000717650005400757650004700811655002900858700001800887710001700905856012600922ebr10178303CaPaEBRm u cr cn|||||||||860919s2003 oncac s 001 0aeng d z9780773505292 aCaPaEBRcCaPaEBR a(OCoLC)64826329814aPR3316.A4bS87 2003eb1 aBurney, Fanny,d1752-1840.14aThe Streatham yearsh[electronic resource] :bpart II, 1780-1781 /cedited by Betty Rizzo.10aJournals and letters of Fanny Burney aKingston, Ont. :bMcGill-Queen's University Press,c2003. axix, 569 p. :bill., ports.0 aThe early journals and letters of Fanny Burney ;v4 aIncludes index. aElectronic reproduction.bPalo Alto, Calif. :cebrary,d2009.nAvailable via World Wide Web.nAccess may be limited to ebrary affiliated libraries.10aBurney, Fanny,d1752-1840vCorrespondence.10aBurney, Fanny,d1752-1840vDiaries. 0aNovelists, Englishy18th centuryvCorrespondence. 0aNovelists, Englishy18th centuryvDiaries. 7aElectronic books.2local1 aRizzo, Betty.2 aebrary, Inc.40uhttp://site.ebrary.com/lib/rucke/Doc?id=10178303zAn electronic book accessible through the World Wide Web; click to view